00266nam a2200097Ia 4500008004100000100001200041245004900053260002600102300000900128650003100137190216s9999||||xx |||||||||||||| ||und|| aJain Ts 0aState Bank Probationary Officers Examination bUpkar Prakashanc1985 a256p aProbationary Officers Exam